1070 1306 1094 1131 1774 1666 1866 1780 1386 1928 1964 1280 1788 1224 1848 1697 1848 1181 1716 1424 1099 1889 1182 1435 1796 1020 1149 1455 1969 1883 1590 1735 1583 1379 1229 1788 1894 1293 1345 1644 1091 1901 1965 1177 1035 1749 1640 1063 1400 1521 1245 1959 1985 1215 1981 1470 1522 1313 1726 1419 1550 1386 1651 1412 1891 1681 1240 1275 1892 1555 1348 1946 1395 1357 1749 1881 1944 1489 1716 1646 1833 1743 1967 1299 1509 1732 1879 1728 1936 1393 1861 1984 1541 1399 1373 1863 1372 1279 1624 BCNSPRNW ULIB Ver.6.0+V

เปลี่ยนเป็นภาษาไทย

Change to English
 แสดงรายละเอียดบรรณานุกรม
  กลับหน้าหลัก

Brief Record : Get Marc (ISO 2709) : E-mail record : QR code < ปิดหน้าต่าง
LEADER : 00000nam 2200000uu 4500
001    13399112227
003     ULIB
008    110627s2553||||th 000 0 tha d
020    9786165000376
090    นว.^bพ723ข 2553
100 0  พิมพิสุธญ์
245 00 ข้ามฟ้าหิมาลัย/^cพิมพิสุธญ์
250    พิมพ์ครั้งที่ 1
260    กรุงเทพฯ :^bพิมพ์คำ,^c2553
300    424 หน้า
710 1  พิมพ์คำ
945    ^p260^l0^i028039
995    ทศพร
999 ^a ใช้งานได้ทุกระบบ
รายการนี้ยังไม่มีแท็ก
คุณยังไม่ได้ล็อกอิน คุณสามารถมีกิจกรรมร่วมกับเว็บไซต์ได้ แต่ต้องล็อกอินก่อน ::
  ล็อกอิน

รายการสื่อสารสนเทศ

ลำดับที่ ประเภท เลขเรียก/บาร์โค้ด สถานที่ สถานะ
- ไม่พบข้อมูล -

รายการใกล้เคียง
    ผู้แต่ง [พิมพิสุธญ์]

BibComment


ยังไม่เคยถูกคอมเมนท์

คอมเมนท์ทรัพยากรรายการนี้
  คอมเมนท์: ข้ามฟ้าหิมาลัย พิ..


 Copyright 2026. Bcnsprnw @Library